| 000 | 01185nam a2200289 a 4500 | ||
|---|---|---|---|
| 001 | 000031793 | ||
| 003 | OSt | ||
| 005 | 20250621074008.0 | ||
| 008 | 110706s1941 dr r 000 0 spa d | ||
| 040 |
_aDO-SdBNP _bspa _cBNPHU |
||
| 082 |
_a972.93 _bR696d |
||
| 100 | 1 |
_aRodríguez, Manuel Tomás _937356 |
|
| 245 | 1 | 0 |
_aDos temas de la historia : _bDon Tomás Bobadilla ; La religión de los Indios / _cManuel Tomás Rodríguez. |
| 260 |
_aCiudad Trujillo, República Dominicana : _bLa idea, _c1941. |
||
| 300 |
_a92 p. ; _c19 cm. |
||
| 505 | 0 |
_tDon Tomás Bobadilla ; _tLa religión de los indios / _rManuel Tomás Rodríguez |
|
| 563 | _aDos obras encuadernadas juntas con paginación continua. | ||
| 590 | _aInventariado, 2018/VM | ||
| 600 | 0 |
_aBobadilla Y Briones, Tomás, _d1785-1871 _91081 |
|
| 650 | 4 |
_aRepública dominicana _xHistoria _9416 |
|
| 650 | 4 |
_aIndios de las antillas _xReligión _958013 |
|
| 651 | 0 |
_aRepública Dominicana _xPolítica y gobierno _945 |
|
| 700 | 1 |
_aRodríguez, Manuel Tomás _tDon Tómas Bobadilla _958014 |
|
| 700 | 1 |
_aRodríguez, Manuel Tomás _tLa religión de los indios _958015 |
|
| 910 | _aValidado. Control de calidad MFF | ||
| 942 |
_2ddc _cLBS1 |
||
| 999 |
_c31285 _d31285 |
||